Statistiques concernant Culture Générale - Série 238

Cliquez ici pour prendre le quiz!

Statistiques générales

  • Ce quiz a été pris 91 fois
  • Le résultat moyen est 6 sur 10

Statistiques - réponses

QuestionRéponse% Correct
Combien d'années séparent deux Coupes du monde de football ?4
100%
Par quelles initiales désigne-t-on l'Allemagne de l'Est jusqu'en 1990 ?RDA
98%
Comment appelle-t-on le point le plus haut du Soleil dans sa course ?Le zénith
84%
A qui Alain Bashung demande-t-il d'oser dans une de ses chansons ?Joséphine
79%
Qui fut l'adversaire de Jacques Chirac au second tour en 1995 ?Lionel Jospin
72%
A qui appartient le postérieur embrassé par les joueurs de pétanque ?Fanny
61%
Où Françoise Hardy fait-elle "des ronds", selon une chanson de 1967 ?Dans l'eau
61%
Sous quel nom le célèbre chignon de Brigitte Bardot a-t-il été popularisé ?La choucroute
34%
Quelle chanson de Claude François commence par "Un p'tit coin perdu..."?Même si tu revenais
11%
Quel groupe chante "Too Much Heaven" en 1978 ?Les Bee Gees
9%

Distribution des résultats

Percentile par nombre de réponses

% des personnes avec chaque résultat

Votre développement - résultats

Vous n’avez pas pris ce quiz